[Event "Prague Golden Blitz op 19th"]
[Site "Prague"]
[Date "2024.06.27"]
[Round "3"]
[White "Aliyev, Ilkin"]
[Black "Legkostup, Maxim"]
[Result "0-1"]
[WhiteElo "1723"]
[BlackElo "1879"]
[PlyCount "42"]
[EventDate "2024.06.27"]
[EventType "swiss (blitz)"]
[EventRounds "11"]
[EventCountry "CZE"]
[SourceTitle "EXT 2025"]
[Source "ChessBase"]
[SourceDate "2024.10.14"]
[SourceVersion "1"]
[SourceVersionDate "2024.10.14"]
[SourceQuality "1"]

1. d4 Nf6 2. c4 e6 3. Nc3 d5 4. Nf3 b6 5. Bg5 Be7 6. e3 h6 7. Bh4 Bb7 8. Bd3 dxc4 9. Bxc4 Nbd7 10. a3 0-0 11. 0-0 Rc8 12. Rc1 c5 13. Ne5 cxd4 14. exd4 Nxe5 15. dxe5 Rxc4 16. exf6 Bxf6 17. Qxd8 Bxd8 18. Bxd8 Rxd8 19. Rcd1 Rcd4 20. Rde1 Ba6 21. Ne2 Rd2 0-1

[Event "Prague Golden Blitz op 19th"]
[Site "Prague"]
[Date "2024.06.27"]
[Round "1"]
[White "Aliyev, Ilkin"]
[Black "Shamian, Artur"]
[Result "0-1"]
[WhiteElo "1723"]
[BlackElo "2012"]
[PlyCount "68"]
[EventDate "2024.06.27"]
[EventType "swiss (blitz)"]
[EventRounds "11"]
[EventCountry "CZE"]
[SourceTitle "EXT 2025"]
[Source "ChessBase"]
[SourceDate "2024.10.14"]
[SourceVersion "1"]
[SourceVersionDate "2024.10.14"]
[SourceQuality "1"]

1. b3 e5 2. Bb2 Nc6 3. e3 Bc5 4. Bb5 f6 5. d4 Bd6 6. Bxc6 dxc6 7. dxe5 Be7 8. Qxd8+ Bxd8 9. exf6 Bxf6 10. Bxf6 Nxf6 11. Nc3 Bf5 12. 0-0-0 Ke7 13. Nf3 Rad8 14. Nd4 Bg6 15. Rhe1 a6 16. Nf3 Ne4 17. Nxe4 Bxe4 18. Rd4 Bxf3 19. gxf3 Rhf8 20. f4 Rxd4 21. exd4+ Kd6 22. c4 Rxf4 23. Re2 Rxd4 24. Kc2 b5 25. Kc3 Rf4 26. cxb5 cxb5 27. Rd2+ Kc6 28. Re2 Kb6 29. Kd3 c5 30. Ke3 Rf7 31. Kd3 Ka5 32. a3 Rf3+ 33. Kc2 g5 34. Re7 Rxf2+ 0-1